00566nam a2200157 a 450000100100000000500170001000800410002704000250006808200150009310000450010824500450015326000450019830000350024395201130027899900170039100004549820220328111526.0150410s1993 dr ac 000 0 spa d aDO-SdBNPbspacBNPHU axxxxbxxxx1 aPepén, Juan F. q (Juan Felix)91317410aEmpezando a convivir /cJuan F. Pepén. aSanto Domingo :bAmigo del Hogar,c1993. a91 p. :bil., retrs. ;c15 cm. 0010718PDaPDbPDcCTd2015-04-10iLF1l0oxxxx xxxxp45498-10r2020-06-25w2020-06-25yLFPDZNo se presta c44987d44987